| 000 | 00000nam 2200000za 4500 |
| 001 | 9.692748 |
| 003 | CaOODSP |
| 005 | 20210624233343 |
| 007 | cr ||||||||||| |
| 008 | 150407s2009||||xxc|||||o f|0| 0 eng d |
| 020 | |a978-1-100-13949-4 |
| 040 | |aCaOODSP|beng |
| 043 | |an-cn--- |
| 086 | 1 |aA104-79/2009E-PDF |
| 110 | 2 |aCanadian Food Inspection Agency. |bOffice of Animal Biosecurity. |
| 245 | 10|aAnimal biosecurity - National Avian On-Farm Biosecurity Standard |h[electronic resource] |
| 260 | |aOttawa - Ontario : |bCanadian Food Inspection Agency. |cc2009. |
| 300 | |a26p.|bglossary, tables |
| 500 | |aIncorrect ISBN (978-1-100-50329-5) printed in this publication. |
| 520 | 3 |aThe National Avian On-Farm Biosecurity Standard forms the basis of a comprehensive voluntary program designed to provide applicable guidance for owners or managers in all the poultry sectors in Canada. It has been developed as a tool for all people and businesses handling and keeping poultry, including large-scale supply-managed producers, backyard flock owners and other domestic bird keepers. |
| 590 | |a10-10|b2010-03-12 |
| 690 | 07|aAgri-food industry|2gcpds |
| 690 | 07|aAnimal diseases|2gcpds |
| 690 | 07|aPoultry|2gcpds |
| 690 | 07|aRisk management|2gcpds |
| 775 | 08|tBiosécurité animal - Norme nationale de biosécurité pour les fermes avicoles |w(CaOODSP)9.636960 |
| 776 | 0#|tAnimal Biosecuty - National Avian On-Farm Biosecurity Standard |w(CaOODSP)9.671673 |
| 776 | 0#|tBiosécurité animale - Norme nationale de biosécurité pour les fermes avicoles |w(CaOODSP)9.671674 |
| 794 | |tAnimal biosecurity |w(CaOODSP)9.859006 |
| 856 | 40|ahttp://publications.gc.ca|qPDF|s1212 KB|uhttps://publications.gc.ca/collections/collection_2010/agr/A104-79-2009-eng.pdf |
| 986 | |aCFIA P0677-09 |